Time's 100 Best Novels Quiz Stats

 Plays Quiz Updated Oct 28, 2018

Score 0/100 Timer 14:00
3 Plays Today
Author Title % Correct
George OrwellNineteen Eighty-Four
82.2%
J.R.R. TolkienThe Lord of the Rings
78.8%
J.D. SalingerThe Catcher in the Rye
77.7%
F. Scott FitzgeraldThe Great Gatsby
76.5%
George OrwellAnimal Farm
73%
Harper LeeTo Kill a Mockingbird
69%
John SteinbeckThe Grapes of Wrath
66.8%
C.S. LewisThe Lion, The Witch and the Wardrobe
55.8%
Joseph HellerCatch-22
53.2%
Vladimir NabokovLolita
50.2%
Kurt VonnegutSlaughterhouse-Five
47.1%
William GoldingLord of the Flies
46.3%
Jack KerouacOn the Road
46.1%
Margaret MitchellGone With the Wind
43.2%
Toni MorrisonBeloved
40.8%
William FaulknerThe Sound and the Fury
36.9%
Ken KeseyOne Flew Over the Cuckoo's Nest
34.8%
Anthony BurgessA Clockwork Orange
33.7%
Ralph EllisonInvisible Man
32.8%
Ian McEwanAtonement
31.1%
Judy BlumeAre You There God? It's Me, Margaret
30.3%
Ernest HemingwayThe Sun Also Rises
30.1%
Virginia WoolfTo the Lighthouse
26.8%
Virginia WoolfMrs. Dalloway
26%
Zora Neale HurstonTheir Eyes Were Watching God
25.6%
Chinua AchebeThings Fall Apart
23.2%
Evelyn WaughBrideshead Revisited
21.9%
E.M. ForsterA Passage to India
21.3%
Robert Penn WarrenAll the King's Men
21%
John UpdikeRabbit, Run
20.8%
Salman RushdieMidnight's Children
20.5%
Zadie SmithWhite Teeth
17.9%
Thomas PynchonGravity's Rainbow
17.6%
William BurroughsNaked Lunch
17.3%
Author Title % Correct
Richard WrightNative Son
16.9%
Philip RothPortnoy's Complaint
16.3%
Raymond ChandlerThe Big Sleep
16%
Henry MillerTropic of Cancer
16%
Alan Moore & Dave GibbonsWatchmen
15.4%
Carson McCullersThe Heart Is A Lonely Hunter
14.8%
E.L. DoctorowRagtime
14.5%
Jonathan FranzenThe Corrections
14.3%
David Foster WallaceInfinite Jest
14.2%
John le CarreThe Spy Who Came in From the Cold
13.8%
Robert GravesI, Claudius
13.5%
William FaulknerLight in August
13.5%
Theodore DreiserAn American Tragedy
13.4%
James BaldwinGo Tell it on the Mountain
13.3%
Cormac McCarthyBlood Meridian
13.3%
Don DeLilloWhite Noise
12.8%
Vladimir NabokovPale Fire
12.7%
Philip RothAmerican Pastoral
12.4%
Thomas PynchonThe Crying of Lot 49
12.2%
Jean RhysWide Sargasso Sea
12.2%
Kazuo IshiguroNever Let Me Go
11.1%
Margaret AtwoodThe Blind Assassin
10.3%
John FowlesThe French Lieutenant's Woman
10.3%
Saul BellowHerzog
10%
Saul BellowThe Adventures of Augie March
9.9%
Muriel SparkThe Prime of Miss Jean Brodie
9.8%
James DickeyDeliverance
9.6%
A.S. ByattPossession
9.3%
Richard YatesRevolutionary Road
9.2%
Willa CatherDeath Comes for the Archbishop
9.1%
Kingsley AmisLucky Jim
8.9%
William GibsonNeuromancer
8.6%
Graham GreeneThe Power and the Glory
8.2%
Doris LessingThe Golden Notebook
7.9%
Author Title % Correct
Malcolm LowryUnder the Volcano
7.9%
Martin AmisMoney
7.1%
Nathaniel WestThe Day of the Locust
7.1%
Walker PercyThe Moviegoer
7.1%
Thornton WilderThe Bridge of San Luis Rey
6.9%
Graham GreeneThe Heart of the Matter
6.9%
James AgeeA Death in the Family
6.6%
Evelyn WaughA Handful of Dust
6.5%
V.S. NaipaulA House for Mr. Biswas
6.1%
Neal StephensonSnow Crash
6.1%
Flann O'BrienAt Swim-Two-Birds
6%
Christopher IsherwoodThe Berlin Stories
6%
Jerzy KosinskiThe Painted Bird
5.9%
Marilynne RobinsonHousekeeping
5.9%
William StyronThe Confessions of Nat Turner
5.8%
Richard FordThe Sportswriter
5.4%
Philip K. DickUbik
5.3%
John O'HaraAppointment in Samarra
5.3%
Joan DidionPlay It As It Lays
5.1%
Anthony PowellA Dance to the Music of Time
5.1%
Paul BowlesThe Sheltering Sky
5.1%
John CheeverFalconer
5.1%
Bernard MalamudThe Assistant
4.8%
Dashiell HammettRed Harvest
4.8%
Iris MurdochUnder the Net
4.5%
Henry RothCall It Sleep
4.2%
Henry GreenLoving
4.2%
Elizabeth BowenThe Death of the Heart
3.7%
John BarthThe Sot-Weed Factor
3.7%
Christina SteadThe Man Who Loved Children
3.6%
Robert StoneDog Soldiers
3.5%
William GaddisThe Recognitions
3.3%

You're not logged in!

Compare scores with friends on all Sporcle quizzes.
OR
Log In

Sporcle TV

Today on Sporcle TV


Watch our educational content, quiz creation guides, and fun videos on Sporcle TV.

Show Comments

Extras

Top Quizzes Today


Score Distribution

Your Account Isn't Verified!

In order to create a playlist on Sporcle, you need to verify the email address you used during registration. Go to your Sporcle Settings to finish the process.

Report this User

Report this user for behavior that violates our Community Guidelines.

Details: